000 00972nam a2200277 i 4500
001 174509
003 ES-MaACL
005 20240224135857.0
008 100430s2006 sp bf d |||| | spa d
020 _a84-7485-754-6
080 _a(038)=124=134.2
100 1 _aSegura Munguía, Santiago.
_9105222
245 1 0 _aNuevo diccionario etimológico latín-español y de las voces derivadas /
_cSantiago Segura Munguía.
250 _a3ª ed.
260 _aBilbao :
_bUniversidad de Deusto,
_c2006.
300 _aXIX, 1251 p., [8] p. de mapas ;
_c24 cm.
490 1 _aLetras ;
_v34
500 _aÍndices etimológicos.
505 8 _aApéndice de gramática latina: p. [1225]-1251
650 4 _aLengua latina-
_vDiccionarios-
_xEspañol.
_914295
710 2 _aUniversidad de Deusto.
_97172
830 1 _aLetras ;
_v34
_9178861
852 _aES-MaACL
_jA-15196
_9 181229
_cDEPO1
_dOlim: DIC L 124=134.2 SEG
_dOlim: Meseton
942 _2udc
999 _c174509
_d174509